| 000 | 00937cam a22002772 4500 | ||
|---|---|---|---|
| 001 | 0000001641 | ||
| 005 | 20151217151823.0 | ||
| 008 | 070320s xx 000 0 eng d | ||
| 020 | _cKES 3,351 | ||
| 040 |
_aKABU _cKABU |
||
| 050 | 0 |
_aHD30.23 _b.I9 1997 |
|
| 100 | 1 |
_aIvancevich, John M. _@0000150555 |
|
| 245 | 1 | 0 |
_aManagement : _bquality and competitiveness / _cJohn M. Ivancevich, Peter Lorenzi, Stephen J. Skinner; with Philip B. Grosby. |
| 250 | _a2nd ed. | ||
| 260 |
_aBoston : _bMcgraw-Hill, _c1997. |
||
| 300 | _axxvi, 630 p. | ||
| 650 | 0 |
_aManagement. _@0000083920 |
|
| 700 | 1 |
_aLorenzi, Peter. _@0000150556 |
|
| 700 | 1 |
_aSkinner, Steven. _@0000150557 |
|
| 908 | _a070320 | ||
| 950 | _@1 | ||
| 999 |
_c5355 _d5355 |
||